00241nam a2200085Ia 4500008004100000245004000041260004800081260000900129999001700138170620s9999 xx 000 0 und d 0aMethods of Macro Economics Dynamics bNew Delhi- Prentice Hall of India Pvt. Ltd. c2001 c23759d23759